| 000 | 00668nam a2200193 a 4500 | ||
|---|---|---|---|
| 001 | 1674 | ||
| 003 | CDMR | ||
| 005 | 20131128114201.0 | ||
| 008 | 130130s2007||||||||||||||||||||||||||||d | ||
| 020 | _a9788449025037 | ||
| 040 |
_aCDMR _bcat _cCDMR |
||
| 240 | 1 | _aInforme de la comunicació a Catalunya | |
| 245 | 0 | 0 |
_aInforme de la comunicació a Catalunya 2005-2006 _cMiquel de Moragas i Spà... [et al.] (eds.) |
| 260 |
_aBellaterra _c2007 _bEdicions UAB (Universitat Autònoma de Barcelona) |
||
| 300 | _a347 p. | ||
| 700 | 1 |
_9475 _aMoragas Spà, Miquel de _eed. |
|
| 710 | 2 |
_91253 _aUniversitat Autònoma de Barcelona _b -- Institut de la Comunicació |
|
| 942 |
_cMON _2udc |
||
| 999 |
_c1674 _d1674 |
||